Učitavanje...

Indian standard methods for detection and estimation of coliform bacteria in food stuffs

Bibliografski detalji
Glavni autor: ISI
Format: Printed Book
Jezik:Undetermined
Izdano: Indian standards institution 1970
NewDelhi
LEADER 00651nam a2200217Ia 4500
008 141122s9999 xx 000 0 und d
040 |c . 
041 |a English 
082 |a 641.3 
082 |b ISI/IN 
100 |a  ISI 
245 |a Indian standard methods for detection and estimation of coliform bacteria in food stuffs 
245 |c  ISI 
260 |b Indian standards institution 
260 |b NewDelhi 
260 |c 1970 
300 |a 8 Pages 
500 |a Closed Reference 
942 |c REF 
999 |c 17958  |d 17958 
952 |0 0  |1 0  |4 0  |6 641_300000000000000_ISIIN  |7 0  |9 17634  |a COVAS  |b COVAS  |d 0000-00-00  |o 641.3 ISI/IN  |p 10475  |r 2014-11-26  |w 2014-11-26  |y REF